000 00570cam a22002291 4500
001 sa 68010877
003 DLC
005 20260227112556.0
008 890630s1967 ii b 000 0 kano
010 _asa 68010877
035 _a(OCoLC)19954177
040 _aDLC
_cWaU
_dDLC
042 _apremarc
050 0 0 _aPN6401
_b.R3
100 1 _aRamanujan, A. K.,
_d1929-1993.
245 1 0 _aGādegaḷu.
260 _c1967.
300 _axii, 92 p.
_c17 cm.
500 _aIn Kannada.
504 _aBibliography: p. 91-92.
650 0 _aProverbs
_xHistory and criticism.
999 _c83603
_d83603